| 000 | 00741nam a2200205 a 4500 | ||
|---|---|---|---|
| 005 | 20230920064605.0 | ||
| 008 | 080722s1977 mx r 000 0 spa d | ||
| 035 | _aUPN01000157872 | ||
| 049 | _aUNE | ||
| 080 | _a330.141: 972 1856-75 BAZ. | ||
| 100 | 1 |
_aBazant, Jan _935729 |
|
| 245 | 1 | 4 |
_aLos Bienes de la Iglesia en México (1856-1875) : _baspectos económicos y sociales de la revolución liberal / _cJan Bazant. |
| 260 |
_aMéxico : _bEl Colegio de México, _c1977. |
||
| 300 |
_a364 p. ; _bil. |
||
| 440 | 0 |
_aCentro de Estudios Históricos. Nueva serie ; _v13 |
|
| 690 | _aIglesia y Estado - Mexico - Historia 1856-1875 | ||
| 690 | _aMéxico - Economía - Historia 1856-1875 | ||
| 710 | 2 | _aEl Colegio de México | |
| 905 | _aUNESCO | ||
| 999 |
_c129986 _d129986 |
||